| 000 | 00693nam a2200229 a 4500 | ||
|---|---|---|---|
| 005 | 20240919063750.0 | ||
| 008 | 011023s1986 mx r 000 0 spa d | ||
| 020 | _a9682310881 | ||
| 035 | _aUPN01000113633 | ||
| 049 | _aCG | ||
| 050 | 4 |
_aHC137 H5 _bP4.2 1986 |
|
| 100 | 1 |
_aPeña, Sergio de la, _d1931-1998 _928606 |
|
| 245 | 1 | 0 |
_aCapitalismo en cuatro comunidades rurales / _cSergio de la Peña. |
| 250 | _a2a ed. | ||
| 260 |
_aMéxico : _bSiglo XXI : _bUNAM, _c1986. |
||
| 300 | _a166 p. | ||
| 440 | 0 | _aSociología y política | |
| 651 | 4 |
_aHIDALGO - _xCONDICIONES ECONOMICAS _920537 |
|
| 650 | 4 |
_aCapitalismo _96436 |
|
| 651 | 4 |
_aMéxico _xCondiciones económicas _95661 |
|
| 905 | _aLibro | ||
| 999 |
_c87541 _d87541 |
||